[Event "Hessenliga 0708"]
[Site "Germany"]
[Date "2008.01.20"]
[Round "5.2"]
[White "Niebling, Ferdinand"]
[Black "Klink, Robert"]
[Result "0-1"]
[WhiteElo "2224"]
[BlackElo "2252"]
[PlyCount "120"]
[EventDate "2007.09.30"]
[EventType "team"]
[EventRounds "9"]
[EventCountry "GER"]
[SourceTitle "EXT 2009"]
[Source "ChessBase"]
[SourceDate "2008.11.26"]
[SourceVersion "1"]
[SourceVersionDate "2008.11.26"]
[SourceQuality "1"]
[WhiteTeam "Frankfurt West"]
[BlackTeam "Baunatal"]
[WhiteTeamCountry "GER"]
[BlackTeamCountry "GER"]

1. d4 d5 2. c4 c6 3. Nf3 Nf6 4. Nc3 e6 5. e3 Nbd7 6. Qc2 Bd6 7. Bd3 0-0 8. 0-0 dxc4 9. Bxc4 b5 10. Bd3 Bb7 11. e4 e5 12. dxe5 Nxe5 13. Nxe5 Bxe5 14. h3 Re8 15. Be3 Qe7 16. Rfe1 a6 17. Ne2 Bd6 18. Bg5 c5 19. Ng3 c4 20. Bf1 Bxg3 21. fxg3 Qc5+ 22. Be3 Qc6 23. e5 Rxe5 24. Bd4 Rxe1 25. Rxe1 Ne4 26. Kh2 Qg6 27. Be5 Qf5 28. Bc7 Nxg3 29. Qxf5 Nxf5 30. b3 cxb3 31. axb3 Nd4 32. b4 Ne6 33. Bg3 Rd8 34. Re3 Rd4 35. Be1 Re4 36. Rxe4 Bxe4 37. Bc3 Kf8 38. Kg3 Ke7 39. Be2 Kd6 40. Bd1 f6 41. Bb3 Nc7 42. Kf2 Bd3 43. g3 Bc4 44. Bc2 h6 45. h4 Nd5 46. Bd2 Ke5 47. Kf3 Kd4 48. g4 Bd3 49. Bb3 Be4+ 50. Ke2 Bd3+ 51. Kf3 Be4+ 52. Ke2 Nc3+ 53. Kf2 Kd3 54. Be3 Bd5 55. Bxd5 Nxd5 56. Bc5 Ke4 57. Bf8 Kf4 58. Bxg7 Kxg4 59. Bxh6 Nxb4 60. Bg7 Nd5 0-1

[Event "Hessenliga 0708"]
[Site "Germany"]
[Date "2007.09.30"]
[Round "1.2"]
[White "Klink, Robert"]
[Black "Derichs, Roger"]
[Result "1/2-1/2"]
[WhiteElo "2252"]
[BlackElo "2294"]
[PlyCount "89"]
[EventDate "2007.09.30"]
[EventType "team"]
[EventRounds "9"]
[EventCountry "GER"]
[SourceTitle "EXT 2009"]
[Source "ChessBase"]
[SourceDate "2008.11.26"]
[SourceVersion "1"]
[SourceVersionDate "2008.11.26"]
[SourceQuality "1"]
[WhiteTeam "Baunatal"]
[BlackTeam "Giessen"]
[WhiteTeamCountry "GER"]
[BlackTeamCountry "GER"]

1. e4 e5 2. Nf3 Nc6 3. Bc4 Nf6 4. Ng5 d5 5. exd5 Na5 6. Bb5+ Bd7 7. Qe2 Be7 8. Nc3 0-0 9. Bxd7 Qxd7 10. d3 Nxd5 11. Nxd5 Bxg5 12. Bxg5 Qxd5 13. 0-0 Nc6 14. Qe4 Qd7 15. Be3 Rad8 16. f4 Rfe8 17. Rae1 exf4 18. Qxf4 Re6 19. Bf2 Rde8 20. Rxe6 Rxe6 21. Re1 Nd4 22. Rxe6 Nxe6 23. Qc4 a6 24. h3 h6 25. a4 Qd6 26. Qe4 c6 27. b4 b5 28. a5 g6 29. c3 f5 30. Qe3 g5 31. c4 Nf4 32. cxb5 cxb5 33. Qe8+ Kg7 34. Bc5 Qd5 35. Qe7+ Kg6 36. Qe8+ Qf7 37. Qc6+ Qe6 38. Qb6 Kf7 39. Qb7+ Kg6 40. Qb6 Kh5 41. Be3 Qe5 42. Bxf4 Qe1+ 43. Kh2 gxf4 44. Qf6 Qg3+ 45. Kg1 1/2-1/2

[Event "Northeim CES 1st"]
[Site "Northeim"]
[Date "2005.04.17"]
[Round "7"]
[White "Klink, Robert"]
[Black "Mader, Sascha"]
[Result "1-0"]
[WhiteElo "2268"]
[BlackElo "2096"]
[PlyCount "76"]
[EventDate "2005.04.14"]
[EventType "swiss"]
[EventRounds "7"]
[EventCountry "GER"]
[SourceTitle "CBM 105 Extra"]
[Source "ChessBase"]
[SourceDate "2005.05.01"]
[SourceVersion "1"]
[SourceVersionDate "2005.05.01"]
[SourceQuality "1"]

1. Nf3 e6 2. d4 Nf6 3. c4 b6 4. g3 Bb7 5. Bg2 Be7 6. 0-0 0-0 7. Nc3 Ne4 8. Qc2 Nxc3 9. Qxc3 f5 10. a3 Be4 11. b4 a5 12. b5 d6 13. Re1 Nd7 14. Bb2 Bf6 15. Rac1 Qe8 16. Qb3 Qf7 17. Bf1 Rae8 18. Nd2 Bg5 19. f4 Bf6 20. Nxe4 fxe4 21. Bg2 Qg6 22. Qc2 e5 23. Bxe4 Qh6 24. e3 exf4 25. exf4 g5 26. f5 Qg7 27. Rcd1 Kh8 28. Kg2 Nc5 29. dxc5 Bxb2 30. cxd6 cxd6 31. Rxd6 Bxa3 32. Rxb6 Bb4 33. Re2 Qe5 34. Bf3 Qd4 35. Rbe6 Rxe6 36. fxe6 Bc5 37. e7 Re8 38. Qf5 Qg7 1-0

[Event "Northeim CES 1st"]
[Site "Northeim"]
[Date "2005.04.16"]
[Round "6"]
[White "Karpatchev, Aleksandr"]
[Black "Klink, Robert"]
[Result "1-0"]
[WhiteElo "2472"]
[BlackElo "2268"]
[PlyCount "151"]
[EventDate "2005.04.14"]
[EventType "swiss"]
[EventRounds "7"]
[EventCountry "GER"]
[SourceTitle "CBM 105 Extra"]
[Source "ChessBase"]
[SourceDate "2005.05.01"]
[SourceVersion "1"]
[SourceVersionDate "2005.05.01"]
[SourceQuality "1"]

1. e4 c5 2. c3 e6 3. Nf3 d5 4. e5 Nc6 5. d4 Qb6 6. Be2 cxd4 7. cxd4 Nh6 8. Nc3 Nf5 9. Kf1 h5 10. h4 Bd7 11. Na4 Qc7 12. Bf4 Qa5 13. Bd2 Qd8 14. Bg5 Qa5 15. b3 a6 16. a3 Na7 17. Bd2 Qd8 18. Bg5 Qa5 19. Bd2 Qd8 20. b4 Bxa4 21. Qxa4+ Qd7 22. Qb3 Rc8 23. g3 Be7 24. Kg2 0-0 25. a4 Nc6 26. Qb2 a5 27. bxa5 Ra8 28. Bb5 Rfb8 29. Rhc1 Qd8 30. Bxc6 bxc6 31. Qc2 Rc8 32. Qd3 Qd7 33. Rc2 Bd8 34. Rc5 Be7 35. Rc2 Bd8 36. Rc5 Be7 37. Rcc1 Bd8 38. Bb4 Bxa5 39. Bc5 Bd8 40. Nd2 Qb7 41. Rcb1 Qa6 42. Qxa6 Rxa6 43. Rb7 Ba5 44. Nf3 Bc3 45. Rc1 Ba5 46. Rcb1 Bd8 47. Rb8 Ra8 48. Rxc8 Rxc8 49. Rb7 Ra8 50. Ba7 g6 51. Ng5 Bxg5 52. hxg5 Kg7 53. a5 Nxd4 54. Bxd4 Rxa5 55. Rc7 Ra8 56. Bc5 Rb8 57. Rxc6 Ra8 58. Be7 Rb8 59. Rd6 Rc8 60. Kf3 Rc3+ 61. Ke2 Rc2+ 62. Kd3 Rc8 63. Rd8 Rxd8 64. Bxd8 Kf8 65. Kd4 Ke8 66. Ba5 Kf8 67. Kc5 Kg7 68. Kd6 Kg8 69. Bb6 Kf8 70. Kd7 Kg8 71. Ke7 Kg7 72. Bc5 Kg8 73. Kf6 d4 74. Bxd4 Kf8 75. Bc5+ Kg8 76. Bb4 1-0

[Event "Northeim CES 1st"]
[Site "Northeim"]
[Date "2005.04.15"]
[Round "4"]
[White "Klink, Robert"]
[Black "Gutman, Lev"]
[Result "0-1"]
[WhiteElo "2268"]
[BlackElo "2469"]
[PlyCount "112"]
[EventDate "2005.04.14"]
[EventType "swiss"]
[EventRounds "7"]
[EventCountry "GER"]
[SourceTitle "CBM 105 Extra"]
[Source "ChessBase"]
[SourceDate "2005.05.01"]
[SourceVersion "1"]
[SourceVersionDate "2005.05.01"]
[SourceQuality "1"]

1. d4 Nf6 2. Nf3 g6 3. c3 Bg7 4. Bg5 c6 5. e3 d6 6. Nbd2 Qb6 7. Nc4 Qc7 8. Bd3 0-0 9. 0-0 Nbd7 10. Qe2 e5 11. dxe5 dxe5 12. e4 b5 13. Ncd2 Nc5 14. Bc2 a5 15. Be3 Ne6 16. Rfd1 Ng4 17. Nf1 Nxe3 18. Nxe3 Ba6 19. Qd2 b4 20. Qd6 bxc3 21. bxc3 Rac8 22. Ng4 Be2 23. Qxc7 Nxc7 24. Rd2 Bxf3 25. gxf3 Nb5 26. Bb3 Nxc3 27. Rd7 Ne2+ 28. Kf1 Nd4 29. Bc4 Rb8 30. Kg2 h5 31. Ne3 Bh6 32. Rc1 Bxe3 33. fxe3 Rb2+ 34. Kg3 h4+ 35. Kxh4 Nxf3+ 36. Kg4 Nd2 37. Rd6 Kg7 38. Rxc6 Nxe4 39. Rc7 Rxh2 40. Kf3 Nd6 41. Bd5 Rh3+ 42. Kf2 e4 43. Rd7 Rf3+ 44. Kg2 Nf5 45. Bxe4 Nh4+ 46. Kg1 Rxe3 47. Bd5 Nf5 48. Rcc7 Nh6 49. Ra7 Re2 50. Bc4 Rb2 51. Rxa5 Re8 52. Rd1 Re4 53. Bd5 Rg4+ 54. Kf1 Nf5 55. Rd3 Ng3+ 56. Ke1 Ne4 0-1

[Event "Oberliga Ost-B 0304"]
[Site "Germany"]
[Date "2004.03.07"]
[Round "8.3"]
[White "Nazarenus, Moritz"]
[Black "Klink, Robert"]
[Result "1/2-1/2"]
[WhiteElo "2111"]
[BlackElo "2284"]
[PlyCount "115"]
[EventDate "2003.11.02"]
[EventType "team-tourn"]
[EventRounds "11"]
[EventCountry "GER"]
[SourceTitle "EXT 2005"]
[Source "ChessBase"]
[SourceDate "2004.11.15"]
[SourceVersion "1"]
[SourceVersionDate "2004.11.15"]
[SourceQuality "1"]
[WhiteTeam "Schoeneck II"]
[BlackTeam "Kassel Hermania"]
[WhiteTeamCountry "GER"]
[BlackTeamCountry "GER"]

1. d4 d5 2. c4 c6 3. Nf3 Nf6 4. Nc3 e6 5. e3 Nbd7 6. Qc2 Bd6 7. Bd3 0-0 8. 0-0 Qe7 9. c5 Bc7 10. e4 dxe4 11. Nxe4 h6 12. Nxf6+ Qxf6 13. Bd2 e5 14. Bc3 exd4 15. Bxd4 Ne5 16. Bxe5 Bxe5 17. Nxe5 Qxe5 18. Rfe1 Qg5 19. Re3 Be6 20. Rae1 Rad8 21. Re5 Qf6 22. b3 Rd5 23. Rxd5 Bxd5 24. h3 Rd8 25. Be4 Be6 26. b4 Rd4 27. a3 Qf4 28. Re3 Qg5 29. Bf3 Qd8 30. Re1 Qg5 31. Re3 g6 32. Be4 Qf6 33. Rf3 Qg7 34. Qe2 Bc4 35. Bd3 Bxd3 36. Rxd3 Rxd3 37. Qxd3 Qa1+ 38. Kh2 Qe5+ 39. Qg3 Qxg3+ 40. Kxg3 Kg7 41. Kf4 Kf6 42. Ke4 Ke6 43. f4 h5 44. g4 hxg4 45. hxg4 Kf6 46. Kd4 Ke6 47. Ke4 Kf6 48. Kd4 Ke7 49. Ke5 f6+ 50. Kd4 Ke6 51. Ke4 Kd7 52. f5 g5 53. Kd4 Kc7 54. Kc4 Kb8 55. a4 Kc7 56. Kd4 Kc8 57. Kc4 Kb8 58. Kd4 1/2-1/2

[Event "Oberliga Ost-B 0203"]
[Site "Germany"]
[Date "2002.11.17"]
[Round "3.4"]
[White "Schmidt, Jan Peter"]
[Black "Klink, Robert"]
[Result "1-0"]
[WhiteElo "2315"]
[BlackElo "2225"]
[PlyCount "90"]
[EventDate "2002.10.20"]
[EventType "team"]
[EventRounds "11"]
[EventCountry "GER"]
[SourceTitle "EXT 2004"]
[Source "ChessBase"]
[SourceDate "2003.11.25"]
[SourceVersion "1"]
[SourceVersionDate "2003.11.25"]
[SourceQuality "1"]
[WhiteTeam "Schoeneck"]
[BlackTeam "Kassel Hermania"]
[WhiteTeamCountry "GER"]
[BlackTeamCountry "GER"]

1. Nf3 d5 2. c4 c6 3. d4 Nf6 4. Qc2 e6 5. g3 Nbd7 6. Bg2 Bd6 7. 0-0 0-0 8. Nc3 Re8 9. Nd2 Nf8 10. e4 dxe4 11. Ndxe4 Nxe4 12. Nxe4 Bc7 13. Be3 e5 14. Rad1 exd4 15. Bxd4 Qe7 16. Qc3 Be5 17. Bxe5 Qxe5 18. Qxe5 Rxe5 19. Rd8 Re6 20. Nd6 Rxd6 21. Rxd6 Be6 22. b3 Nd7 23. f4 g6 24. f5 gxf5 25. Bh3 Kf8 26. Bxf5 Ke7 27. Bxe6 Kxd6 28. Bxd7 Kxd7 29. Rxf7+ Ke6 30. Rxh7 Rd8 31. Rxb7 Rd1+ 32. Kg2 Rd2+ 33. Kh3 Rxa2 34. g4 Rb2 35. Rxa7 Rxb3+ 36. Kh4 Rb4 37. g5 Rxc4+ 38. Kh5 Rc1 39. h4 c5 40. g6 c4 41. Rc7 c3 42. Kh6 Kf6 43. h5 c2 44. g7 Rg1 45. Rxc2 Kf7 1-0

[Event "Hessenliga 0102"]
[Site "Germany"]
[Date "2002.03.17"]
[Round "8.4"]
[White "Steyer, Bernd"]
[Black "Klink, Robert"]
[Result "1/2-1/2"]
[WhiteElo "2128"]
[BlackElo "2186"]
[PlyCount "57"]
[EventDate "2001.10.??"]
[EventType "team"]
[EventRounds "9"]
[EventCountry "GER"]
[SourceTitle "EXT 2003"]
[Source "ChessBase"]
[SourceDate "2002.11.25"]
[SourceVersion "1"]
[SourceVersionDate "2002.11.25"]
[SourceQuality "1"]
[WhiteTeam "Eppstein"]
[BlackTeam "Kassel"]
[WhiteTeamCountry "GER"]
[BlackTeamCountry "GER"]

1. c4 c6 2. e4 d5 3. exd5 cxd5 4. d4 Nf6 5. Nc3 e6 6. c5 Be7 7. b4 0-0 8. Nf3 Ne4 9. Bb2 b6 10. Bd3 Nxc3 11. Bxc3 a5 12. a3 Bf6 13. 0-0 bxc5 14. bxc5 Nc6 15. Rb1 Qc7 16. Re1 Bd7 17. Qd2 Rfe8 18. Rb6 a4 19. Qc2 h6 20. Bb5 Reb8 21. Bxc6 Bxc6 22. Reb1 Rxb6 23. Rxb6 Qc8 24. Qe2 Bd8 25. Rb2 Bb7 26. Ne5 Bc7 27. h3 Ba6 28. Qe3 Qe8 29. Nd3 1/2-1/2

[Event "Hessenliga 0102"]
[Site "Germany"]
[Date "2002.03.03"]
[Round "7.3"]
[White "Daum, Dieter"]
[Black "Klink, Robert"]
[Result "0-1"]
[WhiteElo "2170"]
[BlackElo "2186"]
[PlyCount "70"]
[EventDate "2001.10.??"]
[EventType "team"]
[EventRounds "9"]
[EventCountry "GER"]
[SourceTitle "EXT 2003"]
[Source "ChessBase"]
[SourceDate "2002.11.25"]
[SourceVersion "1"]
[SourceVersionDate "2002.11.25"]
[SourceQuality "1"]
[WhiteTeam "Bensheim"]
[BlackTeam "Kassel"]
[WhiteTeamCountry "GER"]
[BlackTeamCountry "GER"]

1. Nf3 d5 2. g3 Nf6 3. Bg2 e6 4. 0-0 Be7 5. d3 0-0 6. Nbd2 Nbd7 7. e4 dxe4 8. dxe4 c6 9. Qe2 e5 10. Rd1 Qc7 11. Nf1 Nc5 12. Nh4 Re8 13. Nf5 Bxf5 14. exf5 Rad8 15. Be3 Nd5 16. a3 a5 17. c4 Nxe3 18. Nxe3 Nb3 19. Rxd8 Rxd8 20. Rd1 Nd4 21. Qe1 Qb6 22. Rd2 Bg5 23. h4 Bh6 24. Be4 Rd7 25. Kg2 g6 26. g4 Bf4 27. Qd1 Qd8 28. Kh3 Bxe3 29. fxe3 Nxf5 30. Rxd7 Qxh4+ 31. Kg2 Nxe3+ 32. Kf3 Nxd1 33. Rxd1 Qh3+ 34. Kf2 Qxg4 35. Re1 f5 0-1

[Event "Baunatal op 6th"]
[Site "Baunatal"]
[Date "2000.08.22"]
[Round "3"]
[White "Anderberg, Peter"]
[Black "Klink, Robert"]
[Result "1/2-1/2"]
[WhiteElo "2088"]
[BlackElo "2208"]
[PlyCount "92"]
[EventDate "2000.08.18"]
[EventType "swiss"]
[EventRounds "7"]
[EventCountry "GER"]
[SourceTitle "EXT 2001"]
[Source "ChessBase"]
[SourceDate "2000.11.22"]
[SourceVersion "1"]
[SourceVersionDate "2000.11.22"]
[SourceQuality "1"]

1. c4 c6 2. g3 d5 3. Bg2 Nf6 4. cxd5 cxd5 5. Nf3 Nc6 6. d4 Bf5 7. 0-0 e6 8. Qa4 Be7 9. Ne5 Qa5 10. Qxa5 Nxa5 11. Bd2 Nc6 12. Nxc6 bxc6 13. Rc1 Kd7 14. Nc3 Rab8 15. Na4 Bb4 16. Bf4 Bd6 17. Bxd6 Kxd6 18. b3 Rhe8 19. Rc3 e5 20. Rac1 Rbc8 21. dxe5+ Rxe5 22. e3 Bd7 23. Nc5 Bf5 24. Nb7+ Kd7 25. Na5 Re6 26. b4 Ne4 27. Bxe4 Bxe4 28. b5 c5 29. Rxc5 Rxc5 30. Rxc5 Rb6 31. a4 a6 32. Rc6 Rxc6 33. Nxc6 axb5 34. axb5 Kc7 35. Nd4 Kb6 36. Kf1 Bd3+ 37. Ke1 Bxb5 38. Kd2 Bd7 39. Kc3 Kc5 40. Nb3+ Kd6 41. Kd4 Bg4 42. Nc5 f6 43. Nb7+ Kc6 44. Na5+ Kd6 45. Nb7+ Kc6 46. Na5+ Kd6 1/2-1/2